د عو ت:ا نسا نی سما جی ا و ر ا سلا می ا خلا قيا ت (Record no. 178006)

MARC details
000 -LEADER
fixed length control field 00733nam a22001937a 4500
005 - DATE AND TIME OF LATEST TRANSACTION
control field 20210311161822.0
010 ## - LCCN (DPL NO)
LC control number UR-11069
020 ## - INTERNATIONAL STANDARD BOOK NUMBER
Terms of availability 60.00
International Standard Book Number 66/77/2018
035 ## - SYSTEM CONTROL NUMBER
System control number U-9624
037 ## - SOURCE OF ACQUISITION
Source of stock number/acquisition DBAD/PUB
082 ## - DEWEY DECIMAL CLASSIFICATION NUMBER
Classification number 270
100 ## - MAIN ENTRY--PERSONAL NAME
Personal name ا يڈ يٹر:شفيق ا لر حمن
245 ## - TITLE STATEMENT
Title د عو ت:ا نسا نی سما جی ا و ر ا سلا می ا خلا قيا ت
Statement of responsibility, etc ا يڈ يٹر:شفيق ا لر حمن
246 ## - VARYING FORM OF TITLE
Remainder of title Dawat : Insani Samaji Aur Islami Ikhlaquiat(Urdu)
Title proper/short title Edited by Shafique Ur Rehman
260 ## - PUBLICATION, DISTRIBUTION, ETC. (IMPRINT)
Place of publication, distribution, etc Muradabad
Date of publication, distribution, etc 2018 ء
Name of publisher, distributor, etc Mohd. Ahmed
270 ## - ADDRESS
Address Bharat Offset Press,2035Qasimjan Street,Ballimaran,
City Delhi
Postal code 110006
Fax number -
300 ## - PHYSICAL DESCRIPTION
Extent 210 ص
Dimensions 22 Cm(Hb)
942 ## - ADDED ENTRY ELEMENTS (KOHA)
Source of classification or shelving scheme Dewey Decimal Classification
Item type Urdu Bks
Classification part 270
Call number suffix د ع و
Holdings
Withdrawn status Lost status Not for loan Collection code Home library Current library Date acquired Source of acquisition Cost, normal purchase price Full call number Barcode Copy number Cost, replacement price Koha item type
      Non-fiction D.B.Act.Division D.B.Act.Division 11/03/2021 DBAD/PUB 60.00 270 د ع و U-9625 1 60.00 Urdu Bks

© Delhi Public Library
Hit Counter
free hit counter